| 000 | 00635cam a2200241 4500 | ||
|---|---|---|---|
| 999 |
_c9292 _d9292 |
||
| 001 | 9292 | ||
| 003 | BD-JhCC | ||
| 005 | 20180319082946.0 | ||
| 008 | 710419s1968 pk a 000 0 eng | ||
| 035 | _a(BD-JhCC)9292 | ||
| 040 |
_aDLC _cDLC _dDLC _dBD-JhCC |
||
| 041 | _aeng | ||
| 050 | 0 | 0 |
_aHS485.P3 _bF36 |
| 082 |
_bFAR 1968 _a366.10973 |
||
| 100 | 1 | _aFaruqi, Misbahul Islam. | |
| 245 | 1 | 0 |
_aFreemasonry : _b a critical study / _cMisbahul Islam Faruqi |
| 250 | _a[1st ed. | ||
| 260 |
_aKarachi, _bCultural Studies Circle, _c1968 |
||
| 300 |
_a63 p. _billus. _c18 cm. |
||
| 650 | _aFreemasons. | ||
| 942 |
_2ddc _cBK |
||